| 000 -LEADER |
| fixed length control field |
00828nam a22002177a 4500 |
| 005 - DATE AND TIME OF LATEST TRANSACTION |
| control field |
20260129135722.0 |
| 008 - FIXED-LENGTH DATA ELEMENTS--GENERAL INFORMATION |
| fixed length control field |
260129b ||||| |||| 00| 0 eng d |
| 020 ## - INTERNATIONAL STANDARD BOOK NUMBER |
| International Standard Book Number |
9781529515817 |
| 040 ## - CATALOGING SOURCE |
| Transcribing agency |
KH8 |
| 082 ## - DEWEY DECIMAL CLASSIFICATION NUMBER |
| Classification number |
823.82 |
| 100 ## - MAIN ENTRY--PERSONAL NAME |
| Personal name |
STOWELL,LOUIE |
| Relator term |
AUTHOR |
| 245 ## - TITLE STATEMENT |
| Title |
LOKI |
| Remainder of title |
A BAD GOD;S GUIDE TO CAUSING CHAOS |
| 260 ## - PUBLICATION, DISTRIBUTION, ETC. |
| Place of publication, distribution, etc. |
87 Vauxhall Walk,London SE11 5HJ |
| Name of publisher, distributor, etc. |
Walker Books Ltd |
| Date of publication, distribution, etc. |
2025 |
| 300 ## - PHYSICAL DESCRIPTION |
| Extent |
267 pages |
| Other physical details |
b illustration |
| Dimensions |
13 cm x 20 cm |
| 520 ## - SUMMARY, ETC. |
| Summary, etc. |
Vinir, the luscious-locked elven menace is staying in Midgard. To preserve the peace and prevent him from trying to murder Loki (again), Odin sends the goddess Freyja to keep an eye on things. Soon, strange things start to happen. -Library Thing- |
| 650 ## - SUBJECT ADDED ENTRY--TOPICAL TERM |
| Topical term or geographic name entry element |
Juvenile Fiction |
| 655 ## - INDEX TERM--GENRE/FORM |
| Genre/form data or focus term |
Fantasy |
| 655 ## - INDEX TERM--GENRE/FORM |
| Genre/form data or focus term |
Mythical |
| 655 ## - INDEX TERM--GENRE/FORM |
| Genre/form data or focus term |
Legend |
| 942 ## - ADDED ENTRY ELEMENTS (KOHA) |
| Source of classification or shelving scheme |
|
| Koha item type |
Books - Fiction |